Normal view
MARC view
- Sup: Dr. Muhammad Jamaluddin Thaheem.
Entry Personal Name
001 - CONTROL NUMBER
- control field: 19773
003 - CONTROL NUMBER IDENTIFIER
- control field: NUST
005 - DATE AND TIME OF LATEST TRANSACTION
- control field: 20190831143302.0
008 - FIXED-LENGTH DATA ELEMENTS
- fixed length control field: 190831|| aca||aabn | a|a d
040 ## - CATALOGING SOURCE
- Original cataloging agency: NUST
- Transcribing agency: NUST
100 ## - HEADING--PERSONAL NAME
- Personal name: Sup: Dr. Muhammad Jamaluddin Thaheem.
670 ## - SOURCE DATA FOUND
- Source citation: Work cat.: (NUST): Khan, Muhammad Adnan Alam 19772, Optimizing Project Cost: An Insight into Contractor's Cash Flow /, 2018.
